[Event "Coupe Fede 65 -2004"]
[Site "?"]
[Date "2003.11.23"]
[Round "1"]
[White "Labat, Jory"]
[Black "Teil, Benjamin"]
[Result "1-0"]
[WhiteElo "1240"]
[BlackElo "1099"]
[EventDate "2003.11.23"]
[PlyCount "73"]

1.d4 d5 2.c4 Bf5 3.Nc3 c6 4.Qb3 Na6 5.Qxb7 Qc8 6.Qxc8+ Rxc8 7.Nf3 e6 8.Bd2
Bd6 9.e3 Nf6 10.cxd5 cxd5 11.Bxa6 Rc6 12.Bb5 Kd7 13.Bxc6+ Kxc6 14.O-O a5 
15.Rac1 Kb6 16.Na4+ Kb5 17.Nc3+ Kb6 18.Ng5 h6 19.Nxf7 Rf8 20.Nxd6 Bg6 21.
Na4+ Ka6 22.Rc6+ Ka7 23.Nb5+ Kb7 24.Rfc1 Rc8 25.Rxc8 Ka6 26.Nc7+ Kb7 27.
Nxe6 Bf7 28.R8c7+ Kb8 29.Rxf7 Ne8 30.Rf8 Kb7 31.Rxe8 g5 32.Rc5 Ka6 33.Bxa5
g4 34.Rxd5 h5 35.Rb8 Ka7 36.Bc7 h4 37.Ra5# 1-0

[Event "Coupe Fede 65 -2004"]
[Site "?"]
[Date "2003.11.23"]
[Round "1"]
[White "Labat, Axel"]
[Black "Cordier, Michel"]
[Result "0-1"]
[WhiteElo "1010"]
[BlackElo "1450"]
[EventDate "2003.11.23"]
[PlyCount "34"]

1.e4 d6 2.Nc3 Nf6 3.Nf3 e5 4.Bc4 Bg4 5.O-O c6 6.d3 Be7 7.h3 Bh5 8.g4 Bg6 
9.h4 h6 10.h5 Bh7 11.g5 hxg5 12.Nxg5 Bg8 13.Nf3 Nxh5 14.Bg5 Bxg5 15.Nxg5 
Qxg5+ 16.Kh1 Nf4+ 17.Qh5 Rxh5# 0-1

[Event "Coupe Fede 65 -2004"]
[Site "?"]
[Date "2003.11.23"]
[Round "1"]
[White "Labarthe, Francois"]
[Black "Lavole, Olivier"]
[Result "0-1"]
[WhiteElo "1499"]
[BlackElo "1600"]
[EventDate "2003.11.23"]
[PlyCount "82"]

1.e4 c5 2.Nc3 Nc6 3.f4 e6 4.Nf3 Nge7 5.Bc4 a6 6.a4 d5 7.exd5 exd5 8.Ba2 
Bg4 9.O-O Nd4 10.d3 Rc8 11.Be3 Nxf3+ 12.gxf3 Bh3 13.Bf2 Bxf1 14.Qxf1 Qd6 
15.Bg3 Rd8 16.Rd1 g6 17.d4 c4 18.b3 cxb3 19.Bxb3 Bg7 20.Ne2 Nf5 21.Qf2 O-O
22.c3 Rfe8 23.Bc2 Ne3 24.Rd2 Nxc2 25.Rxc2 Qa3 26.c4 Qxa4 27.Nc3 Qxc4 28.
Ne4 Qxd4 29.Nc5 Qxf2+ 30.Bxf2 Rb8 31.Nd7 Rbc8 32.Rd2 d4 33.Bxd4 Bxd4+ 34.
Rxd4 Kg7 35.Ne5 Rxe5 36.fxe5 h5 37.f4 b5 38.Kf1 Rc4 39.Rxc4 bxc4 40.Ke2 
Kf8 41.h4 Ke7 0-1

[Event "Coupe Fede 65 -2004"]
[Site "?"]
[Date "2003.11.23"]
[Round "1"]
[White "Gosselin, Vincent"]
[Black "Bildstein, Gerard"]
[Result "0-1"]
[WhiteElo "1270"]
[BlackElo "1590"]
[EventDate "2003.11.23"]
[PlyCount "78"]

1.c4 Nf6 2.Nf3 e6 3.e3 b6 4.Nc3 Bb7 5.d4 c5 6.d5 exd5 7.cxd5 d6 8.Bb5+ 
Nbd7 9.O-O a6 10.Bc4 b5 11.Bb3 c4 12.Bc2 b4 13.Ne4 Nxe4 14.Bxe4 Nf6 15.Qd4
Qc7 16.Bd2 a5 17.Rac1 Rc8 18.Rc2 Qc5 19.Bf5 Rc7 20.Qf4 Bxd5 21.e4 Be6 22.
Re1 Be7 23.Be3 Qc6 24.Nd4 Qd7 25.Qg5 O-O 26.Qg3 Bxf5 27.Nxf5 g6 28.Nh6+ 
Kg7 29.Qf4 Nh5 30.Bd4+ Bf6 31.Bxf6+ Nxf6 32.Nf5+ gxf5 33.Qg5+ Kh8 34.Qxf6+
Kg8 35.Re3 f4 36.Qxf4 f5 37.e5 dxe5 38.Rg3+ Kf7 39.Qxe5 Qd1+ 0-1

[Event "Coupe Fede 65 -2004"]
[Site "?"]
[Date "2003.11.23"]
[Round "1"]
[White "Durand, Stephane"]
[Black "Reignier, Frank"]
[Result "0-1"]
[WhiteElo "1550"]
[BlackElo "1110"]
[EventDate "2003.11.23"]
[PlyCount "66"]

1.e4 c6 2.d4 d5 3.e5 Bf5 4.Nf3 e6 5.a3 Ne7 6.c4 Ng6 7.Qb3 Qe7 8.cxd5 cxd5 
9.Bb5+ Nc6 10.Qa4 Qc7 11.Bd2 Be7 12.O-O O-O 13.Rc1 Qb6 14.b3 Rac8 15.Bc3 
a6 16.Bxc6 Rxc6 17.Nbd2 Rfc8 18.Bb2 Bc2 19.h3 Nh4 20.Nxh4 Bxh4 21.g3 Bg5 
22.f4 Be7 23.Re1 f6 24.Re3 fxe5 25.fxe5 Bg5 26.Re2 Bd3 27.Rg2 Be3+ 28.Kh2 
Rc2 29.Nf3 Rxg2+ 30.Kxg2 Be4 31.Qd7 Rc2+ 32.Kf1 Qb5+ 33.Qxb5 axb5 0-1

[Event "Coupe Fede 65 -2004"]
[Site "?"]
[Date "2003.11.23"]
[Round "1"]
[White "David, Philippe"]
[Black "Carassus, Jean-Louis"]
[Result "0-1"]
[WhiteElo "1499"]
[BlackElo "1670"]
[EventDate "2003.11.23"]
[PlyCount "80"]

1.e4 b6 2.d4 Bb7 3.Nc3 e6 4.Bd3 c5 5.d5 e5 6.Nf3 d6 7.Bg5 Be7 8.Bxe7 Qxe7 
9.Qd2 Nf6 10.Qg5 O-O 11.O-O-O a6 12.Nh4 Bc8 13.Nf5 Bxf5 14.exf5 Nxd5 15.
Qxe7 Nxe7 16.f6 Ng6 17.Bxg6 fxg6 18.Rxd6 Rxf6 19.Rd8+ Rf8 20.Rhd1 Nc6 21.
Rxa8 Rxa8 22.Rd7 Rd8 23.Rxd8+ Nxd8 24.Ne4 Kf7 25.c4 Ke7 26.g3 h6 27.h4 Ke6
28.Kd2 Nb7 29.Kc3 Kf5 30.f3 g5 31.hxg5 hxg5 32.Nf2 Nd6 33.b4 e4 34.g4+ Kf4
35.b5 axb5 36.cxb5 Kxf3 37.Nd1 Nxb5+ 38.Kc4 Nd6+ 39.Kd5 Nc8 40.a4 e3 0-1

[Event "Coupe Fede 65 -2004"]
[Site "?"]
[Date "2003.11.23"]
[Round "1"]
[White "Condeminas, Christian"]
[Black "Labat, Thierry"]
[Result "1-0"]
[WhiteElo "1570"]
[BlackElo "1499"]
[EventDate "2003.11.23"]
[PlyCount "57"]

1.e4 e5 2.Nf3 Nc6 3.d4 f6 4.dxe5 Bb4+ 5.c3 Be7 6.exf6 Nxf6 7.e5 Ng4 8.Qd5 
d6 9.Bb5 Qd7 10.exd6 cxd6 11.O-O Nf6 12.Qb3 a6 13.Bd3 d5 14.Bg5 d4 15.Rd1 
Bc5 16.Re1+ Be7 17.Bxf6 gxf6 18.Qc2 b5 19.cxd4 Nxd4 20.Nxd4 Qxd4 21.Nc3 
Bh3 22.Re4 Qd6 23.Rae1 Ra7 24.gxh3 Rg8+ 25.Rg4 Kf8 26.Rxg8+ Kxg8 27.Bxh7+ 
Kf8 28.Qg6 Bd8 29.Re8# 1-0

[Event "Coupe Fede 65 -2004"]
[Site "?"]
[Date "2003.11.23"]
[Round "1"]
[White "Baumgartner, Georges"]
[Black "Latorre, Rene"]
[Result "1-0"]
[WhiteElo "1580"]
[BlackElo "1499"]
[EventDate "2003.11.23"]
[PlyCount "117"]

1.e4 e5 2.Nf3 d6 3.d4 Bg4 4.Be2 Nd7 5.d5 h6 6.O-O Ngf6 7.Nc3 Be7 8.h3 Bxf3
9.Bxf3 a6 10.Be3 O-O 11.a3 Rc8 12.b4 c6 13.Na4 c5 14.bxc5 dxc5 15.c4 b5 
16.Nb2 Nb6 17.Qc2 Qd6 18.Be2 Nfd7 19.f4 Qf6 20.f5 Qd6 21.Rf3 Bh4 22.g3 Bg5
23.Bxg5 hxg5 24.Qd2 Qh6 25.Kg2 Nf6 26.Bd3 bxc4 27.Bc2 c3 28.Rxc3 Rfd8 29.
Qe3 Nfxd5 30.exd5 Nxd5 31.Qxe5 Nxc3 32.Qxc3 f6 33.Nc4 g4 34.h4 Re8 35.Rf1 
Re2+ 36.Rf2 Rxf2+ 37.Kxf2 Qc1 38.Qb3 Kh7 39.Ne3 Qd2+ 40.Kg1 Qe1+ 41.Nf1 
Re8 42.Qd3 Re3 43.Qxe3 Qxe3+ 44.Nxe3 a5 45.Bb3 g6 46.Be6 g5 47.Nxg4 Kg7 
48.Kf2 c4 49.Bxc4 a4 50.Ke3 gxh4 51.gxh4 Kh8 52.Nxf6 Kg7 53.Ng4 Kh8 54.Kf4
Kg7 55.Ke5 Kh8 56.f6 Kh7 57.Ke6 Kg6 58.f7 Kg7 59.Ke7 1-0

[Event "Coupe Fede 65 -2004"]
[Site "?"]
[Date "2003.11.23"]
[Round "1"]
[White "Aznar, Georges"]
[Black "Cordier, Quentin"]
[Result "1-0"]
[WhiteElo "1500"]
[BlackElo "1170"]
[EventDate "2003.11.23"]
[PlyCount "81"]

1.d4 e6 2.Nf3 d5 3.e3 c5 4.dxc5 Bxc5 5.a3 Nf6 6.b4 Bd6 7.Nc3 Nc6 8.Bb2 b6 
9.Bd3 Bb7 10.O-O O-O 11.e4 Bc7 12.Qe1 a6 13.e5 Nd7 14.Nd1 Qb8 15.Ng5 g6 
16.Qe3 Bxe5 17.Qh3 Nf6 18.c3 Bf4 19.Nf3 Ne5 20.Nxe5 Bxe5 21.Re1 Rd8 22.Rb1
d4 23.Qh4 Ne8 24.cxd4 Bg7 25.Ne3 Qd6 26.Red1 Bxd4 27.Bxg6 fxg6 28.Rxd4 Qc6
29.Rxd8 Rxd8 30.Qxd8 Kf8 31.Qd4 Ke7 32.Qh4+ Kd7 33.Qxh7+ Kc8 34.Qxg6 Kb8 
35.Rc1 Qd6 36.Qxe8+ Ka7 37.Qf7 Kb8 38.Qg7 Ka7 39.Rc7 Qxc7 40.Qxc7 Ka8 41.
Be5 1-0

[Event "Nationale IV"]
[Site "?"]
[Date "2003.12.07"]
[Round "3.2"]
[White "Varmot, Jean-Jacques"]
[Black "Broc, Alain"]
[Result "0-1"]
[WhiteElo "1910"]
[BlackElo "1750"]
[EventDate "2003.??.??"]
[PlyCount "108"]

1.d4 Nf6 2.c4 e5 3.d5 Bb4+ 4.Bd2 Bxd2+ 5.Nxd2 d6 6.e4 a5 7.Be2 Na6 8.Qc2 
O-O 9.h3 Nc5 10.Bf3 Bd7 11.Ne2 Qe7 12.O-O a4 13.b4 axb3 14.axb3 b6 15.Nc3 
Rfb8 16.b4 Nb7 17.Nb5 Bxb5 18.cxb5 Qd7 19.Be2 Nd8 20.Rfc1 Rxa1 21.Rxa1 Qc8
22.Ra7 Rb7 23.Ra6 h5 24.Nc4 Rb8 25.Ne3 g6 26.g4 hxg4 27.hxg4 Nb7 28.Kg2 
Kg7 29.f3 Ne8 30.Qc1 Qd8 31.Nf1 Qh4 32.Ng3 Qf6 33.g5 Qf4 34.Qxf4 exf4 35.
Nh1 f5 36.gxf6+ Kxf6 37.Nf2 g5 38.Nd3 Nd8 39.Kf2 Nf7 40.Nc1 Ke5 41.Nb3 Nh6
42.Ra1 Nf6 43.Rg1 Rg8 44.Rd1 g4 45.Nd4 gxf3 46.Bxf3 Nhg4+ 47.Bxg4 Nxg4+ 
48.Kf3 Nh2+ 49.Kf2 Kxe4 50.Ne6 Ng4+ 51.Ke1 f3 52.Rd4+ Ke3 53.Rf4 Ne5 54.
Rf5 Rg1# 0-1

[Event "Nationale IV"]
[Site "?"]
[Date "2003.12.07"]
[Round "3.1"]
[White "Viatge, Fabrice"]
[Black "Rich, Philippe"]
[Result "0-1"]
[WhiteElo "1690"]
[BlackElo "1950"]
[EventDate "2003.??.??"]
[PlyCount "66"]

1.d4 Nf6 2.Bg5 e6 3.e4 h6 4.Bxf6 Qxf6 5.Nc3 c5 6.e5 Qd8 7.Nf3 cxd4 8.Qxd4 
Nc6 9.Qa4 Bb4 10.Bb5 O-O 11.Qb3 Qa5 12.O-O Bxc3 13.Bxc6 $2 Bxe5 14.Nxe5 
Qxe5 15.Bf3 d5 16.c3 Rb8 17.Qa4 a6 18.Rfe1 Qc7 19.Qd4 Bd7 20.Re3 Rfd8 21.
Be2 Bb5 22.Bxb5 axb5 23.Rg3 e5 24.Qh4 Rd6 25.Rd1 Qc4 26.Qe7 Re6 27.Qa3 Ra6
28.Qb3 $2 
    ( 28.Qe7 )
28...Rxa2 29.Qxc4 dxc4 30.Rb1 Rba8 31.Re3 Rxb2 32.Rbe1 f6 33.g3 Raa2 0-1

[Event "N4B3 Montauban - Rodez"]
[Site "?"]
[Date "2003.12.07"]
[Round "3.8"]
[White "Cremers, Bertrand"]
[Black "Nougayrede, Jean-Louis"]
[Result "1/2-1/2"]
[WhiteElo "1480"]
[BlackElo "1670"]
[EventDate "2003.??.??"]
[PlyCount "56"]

1.e4 c5 2.Nf3 d6 3.d4 cxd4 4.Nxd4 g6 5.Nc3 Bg7 6.Be3 Nf6 7.Be2 O-O 8.Qd2 
Nc6 9.f3 Bd7 10.O-O-O a6 11.g4 Kh8 12.h4 Nxd4 13.Bxd4 Ne8 14.h5 e5 15.Be3 
Kg8 16.hxg6 hxg6 17.Bh6 Be6 18.Bxg7 Nxg7 19.Qxd6 Qa5 20.Kb1 Rfd8 21.Qe7 
Rac8 22.Rxd8+ Rxd8 23.Rd1 Rxd1+ 24.Bxd1 b5 25.Nd5 Bxd5 26.exd5 Qd2 27.Qd8+
Kh7 28.Qh4+ Kg8 1/2-1/2

[Event "N4B3 Montauban - Rodez"]
[Site "?"]
[Date "2003.12.07"]
[Round "3.7"]
[White "Petat, Yannick"]
[Black "Archimbaud, Alain"]
[Result "1-0"]
[WhiteElo "1700"]
[BlackElo "1499"]
[EventDate "2003.??.??"]
[PlyCount "49"]

1.d4 d5 2.c4 e6 3.Nc3 Nf6 4.Bg5 Be7 5.Nf3 b6 6.e3 Ba6 7.Ne5 O-O 8.Bd3 Qe8 
9.O-O c6 10.Rc1 dxc4 11.Nxc4 Nbd7 12.Ne4 Nxe4 13.Bxe7 Qxe7 14.Bxe4 Rac8 
15.Re1 Nf6 16.Bf3 Bb7 17.Ne5 Qd6 18.Qa4 a6 19.Rc3 Nd5 20.Bxd5 exd5 21.Rec1
b5 22.Qc2 Rc7 23.Nxc6 Rfc8 24.Ne7+ Qxe7 25.Rxc7 1-0

[Event "N4B3 Montauban - Rodez"]
[Site "?"]
[Date "2003.12.07"]
[Round "3.6"]
[White "De Biasi, Robert"]
[Black "Lecoultre, Patrick"]
[Result "0-1"]
[WhiteElo "1680"]
[BlackElo "1770"]
[EventDate "2003.??.??"]
[PlyCount "76"]

1.Nf3 c5 2.c4 Nf6 3.Nc3 g6 4.d4 cxd4 5.Nxd4 Nc6 6.e4 d6 7.Be2 Bg7 8.Nf3 
O-O 9.O-O Be6 10.h3 Rc8 11.Ng5 Bd7 12.Rb1 Qa5 13.a3 Ne5 14.b4 Qc7 15.Nb5 
Bxb5 16.cxb5 h6 17.f4 Nc4 18.e5 Qb6+ 19.Kh1 dxe5 20.fxe5 hxg5 21.exf6 Bxf6
22.Qb3 Qxb5 23.Be3 Qc6 24.Bf3 Qc7 25.Rfc1 b5 26.Be2 a6 27.Bc5 Nd2 28.Bg1 
Qxc1 29.Rxc1 Nxb3 30.Rd1 Rfd8 31.Rb1 Nd2 32.Rd1 Nc4 33.Rxd8+ Rxd8 34.a4 
Rd2 35.Bf1 Rd1 36.Be2 Re1 37.Bd3 Bd4 38.a5 Rxg1+ 0-1

[Event "N4B3 Montauban - Rodez"]
[Site "?"]
[Date "2003.12.07"]
[Round "3.5"]
[White "De Jong, Arjen"]
[Black "Donadille, Guy"]
[Result "0-1"]
[WhiteElo "1810"]
[BlackElo "1700"]
[EventDate "2003.??.??"]
[PlyCount "130"]

1.e4 e6 2.d4 d5 3.exd5 exd5 4.c3 Bd6 5.Bd3 Nf6 6.Nf3 O-O 7.O-O Bg4 8.Bg5 
h6 9.Be3 Nbd7 10.Nbd2 Re8 11.h3 Bh5 12.Qc2 Bxf3 13.Nxf3 Ne4 14.Rae1 Ndf6 
15.Nd2 c6 16.c4 Rc8 17.f4 Nxd2 18.Bxd2 Rxe1 19.Rxe1 Nh5 20.Rf1 Qf6 21.Be3 
Re8 22.Qd2 Ng3 23.Rf3 Ne4 24.Qc1 Qe6 25.c5 Bb8 26.Bb1 f5 27.b4 a6 28.a4 
Qf7 29.Qb2 Qc7 30.b5 axb5 31.axb5 Qd7 32.Bc2 Rc8 33.Ba4 Ba7 34.b6 Bb8 35.
Bc2 Re8 36.Qa2 Kh7 37.Qb1 Qe7 38.Bf2 Qf6 39.Qc1 g6 40.g4 Kg7 41.Kg2 Re6 
42.Qe1 Qe7 43.Bh4 Qe8 44.Qa1 Kf7 45.Qa8 Qc8 46.Ra3 Re8 47.Bg3 fxg4 48.hxg4
Nxg3 49.Kxg3 Bxf4+ 50.Kxf4 Qxa8 51.Rxa8 Rxa8 52.Ke5 Rd8 53.Bd1 Ke7 54.Bc2 
Rg8 55.Bd1 h5 56.g5 h4 57.Bg4 Rh8 58.Bh3 Rf8 59.Bg4 Rf5+ 60.Bxf5 gxf5 61.
Kf4 Kf7 62.Kf3 Kg6 63.Kf4 h3 64.Kg3 Kxg5 65.Kxh3 Kf4 0-1

[Event "N4B3 Montauban - Rodez"]
[Site "?"]
[Date "2003.12.07"]
[Round "3.4"]
[White "Donadille, Romuald"]
[Black "Hoareau, Nicolas"]
[Result "0-1"]
[WhiteElo "1740"]
[BlackElo "1890"]
[EventDate "2003.??.??"]
[PlyCount "56"]

1.e4 e6 2.d4 c5 3.c3 d5 4.exd5 exd5 5.Nf3 Nf6 6.Bg5 Be7 7.Nbd2 c4 8.b3 h6 
9.Bxf6 Bxf6 10.bxc4 O-O 11.cxd5 Qxd5 12.Bc4 Re8+ 13.Kf1 Qh5 14.Qb3 Nc6 15.
Qb5 Qg6 16.d5 a6 17.Qb6 Bxc3 18.Rc1 Ba5 19.Qb3 Bxd2 20.Nxd2 Ne5 21.Nf3 
Nxc4 22.Qxc4 Bf5 23.Rd1 Rac8 24.Qd4 Bd3+ 25.Kg1 Be2 26.Ne5 Bxd1 27.h3 Rxe5
28.Qxd1 Qd6 0-1

[Event "N4B3 Montauban - Rodez"]
[Site "?"]
[Date "2003.12.07"]
[Round "3.3"]
[White "Forestie, Pierre"]
[Black "Besset, Thierry"]
[Result "0-1"]
[WhiteElo "1940"]
[BlackElo "1760"]
[EventDate "2003.??.??"]
[PlyCount "46"]

1.e4 e5 2.Nf3 Nc6 3.Bc4 Nf6 4.Nc3 d6 5.h3 Be7 6.d4 exd4 7.Nxd4 Nxd4 8.Qxd4
O-O 9.b3 Re8 10.Bb2 Nxe4 11.Qd5 Nxc3 12.Qxf7+ Kh8 13.Bxc3 Bf6+ 14.Kd2 
Bxc3+ 15.Kxc3 Rf8 16.Qh5 Qf6+ 17.Kb4 Qb2 18.g4 c5+ 19.Ka4 Bd7+ 20.Bb5 
Bxb5+ 21.Kxb5 Qa3 22.Kc4 Qb4+ 23.Kd3 Qd4+ 0-1

[Event "N4B3 Montauban - Rodez"]
[Site "?"]
[Date "2003.12.07"]
[Round "3.2"]
[White "Nghiem, Luat"]
[Black "Gregory, Daniel"]
[Result "1/2-1/2"]
[WhiteElo "1950"]
[BlackElo "2046"]
[EventDate "2003.??.??"]
[PlyCount "60"]

1.e4 c5 2.Nf3 d6 3.d4 cxd4 4.Nxd4 Nf6 5.Nc3 a6 6.Be2 e6 7.Be3 Be7 8.O-O 
O-O 9.f4 Qc7 10.Qe1 Nc6 11.Rd1 Rb8 12.Qg3 Bd7 13.f5 Nxd4 14.Rxd4 Kh8 15.
fxe6 fxe6 16.Rfd1 b5 17.a3 a5 18.Bf3 b4 19.axb4 axb4 20.Ne2 e5 21.R4d2 Bc6
22.c4 Bxe4 23.b3 Qc6 24.Qh3 Bxf3 25.gxf3 Nd7 26.f4 Nc5 27.Rd5 Qc7 28.Qh5 
Nd7 29.fxe5 Nxe5 30.Nf4 Rf6 1/2-1/2

[Event "N4B3 Montauban - Rodez"]
[Site "?"]
[Date "2003.12.07"]
[Round "3.1"]
[White "Perramond, Henri-Pierre"]
[Black "Tanguy, Fabien"]
[Result "1/2-1/2"]
[WhiteElo "2172"]
[BlackElo "2086"]
[EventDate "2003.??.??"]
[PlyCount "59"]

1.d4 d5 2.Nf3 Nf6 3.e3 e6 4.Bd3 c5 5.c3 Be7 6.O-O O-O 7.Nbd2 Nbd7 8.Qe2 
Qc7 9.e4 Nxe4 10.Nxe4 dxe4 11.Qxe4 Nf6 12.Qh4 g6 13.Bf4 Qd8 14.Rad1 Nh5 
15.Bg5 Bxg5 16.Nxg5 h6 17.Nf3 Qxh4 18.Nxh4 cxd4 19.cxd4 Bd7 20.Be4 Nf6 21.
Bb1 Bc6 22.g3 Rad8 23.Rfe1 g5 24.Ng2 Rd7 25.Re3 Rfd8 26.Red3 Be4 27.Rb3 
Bxb1 28.Rxb1 Rxd4 29.Ne3 b6 30.Rc1 1/2-1/2

[Event "N4B3 Lardenne - Cahors"]
[Site "?"]
[Date "2003.12.07"]
[Round "3.6"]
[White "Van Hall, Pieter"]
[Black "Ohayon, Jérôme"]
[Result "0-1"]
[WhiteElo "1710"]
[BlackElo "1720"]
[EventDate "2003.??.??"]
[Annotator "Cwiek, Loïc"]
[PlyCount "54"]

{48MB, Fritz8.ctg, X9U7J5} 
1.d4 Nf6 2.Bg5 g6 3.Bxf6 exf6 4.Nf3 f5 5.e3 Bg7 6.c4 O-O 7.Bd3 c5 8.O-O 
Nc6 9.Be2 Qb6 10.Qc2 cxd4 11.c5 Qc7 12.Na3 dxe3 13.fxe3 Ne5 14.Nd4 a6 15.
Rad1 Re8 16.b4 Bh6 17.Qc3 b5 18.Nac2 Bb7 19.Nf3 Ng4 20.g3 Bxe3+ 21.Kg2 Bh6
22.Rde1 Ne3+ 23.Nxe3 Rxe3 24.Qd4 Rae8 25.Qd1 f4 26.g4 Bg5 27.Kg1 Qc6 0-1

[Event "N4B3 Lardenne - Cahors"]
[Site "?"]
[Date "2003.12.07"]
[Round "3.5"]
[White "Parpinel, Mario"]
[Black "Van Steenbergen, Alain"]
[Result "0-1"]
[WhiteElo "1730"]
[BlackElo "1800"]
[EventDate "2003.??.??"]
[Annotator "Cwiek, Loïc"]
[PlyCount "68"]

{48MB, Fritz8.ctg, X9U7J5} 
1.e4 e5 2.f4 exf4 3.Nf3 Be7 4.Bc4 Nf6 5.d3 d5 6.exd5 Nxd5 7.O-O g5 8.Ne5 
Qd6 9.Qe2 Be6 10.d4 Nd7 11.Bd2 Nxe5 12.Bxd5 Qxd5 13.Qxe5 Qxe5 14.dxe5 
O-O-O 15.Bc3 Bc5+ 16.Kh1 Bd4 17.Re1 Bxc3 18.Nxc3 Rd2 19.Rac1 Bf5 20.Ne4 
Bxe4 21.Rxe4 Rhd8 22.Kg1 Rd1+ 23.Rxd1 Rxd1+ 24.Kf2 Rd2+ 25.Re2 Rxe2+ 26.
Kxe2 Kd7 27.Kf3 Ke6 28.Kg4 f6 29.exf6 Kxf6 30.Kh5 Kf5 31.h3 c5 32.c4 a6 
33.a4 a5 34.Kh6 g4 0-1

[Event "N4B3 Castres - Tournefeuille"]
[Site "?"]
[Date "2003.12.07"]
[Round "3.8"]
[White "Mercier, Richard"]
[Black "Le Men, Yves"]
[Result "1-0"]
[WhiteElo "1560"]
[BlackElo "1499"]
[EventDate "2003.??.??"]
[PlyCount "61"]

1.e4 e6 2.d3 d5 3.Nd2 Nf6 4.Qe2 Bb4 5.c3 Be7 6.g3 O-O 7.Bg2 b6 8.Nh3 Nc6 
9.e5 Nd7 10.d4 Ncb8 11.Qg4 c5 12.Nf3 f5 13.Qh5 g6 14.Qh6 cxd4 15.Nhg5 Bxg5
16.Bxg5 Qe8 17.c4 Nc6 18.cxd5 exd5 19.O-O Bb7 20.Rfe1 Ncxe5 21.Nxe5 Nxe5 
22.f4 Nf7 23.Rxe8 Nxh6 24.Rxf8+ Kxf8 25.Bxh6+ Ke7 26.Re1+ Kd6 27.Bg7 d3 
28.Bc3 Kc5 29.Re7 Ba6 30.Rc7+ Kb5 31.Bxd5 1-0

[Event "N4B3 Castres - Tournefeuille"]
[Site "?"]
[Date "2003.12.07"]
[Round "3.7"]
[White "Sandel, Frieder"]
[Black "Pinault, Ronan"]
[Result "1/2-1/2"]
[WhiteElo "1499"]
[BlackElo "1600"]
[EventDate "2003.??.??"]
[PlyCount "155"]

1.d4 d5 2.Nf3 Nf6 3.c4 c6 4.Nc3 dxc4 5.a4 Bf5 6.e3 e6 7.Bxc4 Bb4 8.Bd2 O-O
9.O-O Nbd7 10.Re1 c5 11.Ne2 Bxd2 12.Nxd2 Rc8 13.Rc1 Qa5 14.Bb3 Nb6 15.Nc4 
Nxc4 16.Rxc4 Rfd8 17.Qc1 Ne4 18.Rd1 b6 19.f3 Nd6 20.Rc3 c4 21.Bc2 Bxc2 22.
Qxc2 a6 23.e4 b5 24.axb5 axb5 25.e5 b4 26.Re3 Nf5 27.Re4 h6 28.Kf2 Ne7 29.
h4 Nd5 30.Nf4 c3 31.Nxd5 Qxd5 32.b3 Ra8 33.Ree1 Ra3 34.Ra1 Qxb3 35.Qxb3 
Rxb3 36.Reb1 Rxb1 37.Rxb1 Rb8 38.Ke2 Kf8 39.Kd3 Ke7 40.Kc4 Kd7 41.Ra1 c2 
42.Rc1 Rc8+ 43.Kb3 Rc3+ 44.Kxb4 Rd3 45.Kc4 Rd2 46.g4 Rf2 47.Kd3 Rxf3+ 48.
Ke4 Rc3 49.h5 Kc6 50.d5+ exd5+ 51.Kd4 Rc4+ 52.Kd3 Rxg4 53.Rxc2+ Kd7 54.Rf2
Ke6 55.Re2 Rh4 56.Rg2 Rxh5 57.Rxg7 Rxe5 58.Rh7 h5 59.Rh6+ Ke7 60.Kd4 Rg5 
61.Ra6 Kf8 62.Rh6 Kg7 63.Rd6 h4 64.Ra6 h3 65.Ra2 Rg2 66.Ra3 h2 67.Rh3 Kg6 
68.Kxd5 Kf5 69.Kd4 Kg4 70.Rh7 Kg3 71.Ke3 Rg1 72.Rg7+ Kh3 73.Rh7+ Kg2 74.
Rg7+ Kf1 75.Rxf7+ Ke1 76.Ra7 Rg3+ 77.Kf4 h1=Q 78.Ra1+ 1/2-1/2

[Event "N4B3 Castres - Tournefeuille"]
[Site "?"]
[Date "2003.12.07"]
[Round "3.6"]
[White "Fourcade, Philippe"]
[Black "Buiten, Herman"]
[Result "1-0"]
[WhiteElo "1690"]
[BlackElo "1499"]
[EventDate "2003.??.??"]
[PlyCount "35"]

1.e4 c5 2.Nf3 Nc6 3.d4 cxd4 4.Nxd4 d6 5.Nc3 Bd7 6.Be3 g6 7.Qd2 Bg7 8.Be2 
Nf6 9.h3 a6 10.O-O O-O 11.f4 e6 12.Nf3 Qe7 13.Rad1 Ne8 14.e5 d5 15.Na4 Qd8
16.Bc5 Kh8 17.Nb6 Rg8 18.Ng5 1-0

[Event "N4B3 Castres - Tournefeuille"]
[Site "?"]
[Date "2003.12.07"]
[Round "3.5"]
[White "Guillet, Yvan"]
[Black "Guesdon, Joël"]
[Result "0-1"]
[WhiteElo "1499"]
[BlackElo "1700"]
[EventDate "2003.??.??"]
[PlyCount "54"]

1.e4 c5 2.c3 Nc6 3.Nf3 e6 4.Be2 Nf6 5.d3 Be7 6.O-O d6 7.Re1 Qc7 8.Qc2 b6 
9.Bf1 Bb7 10.h3 O-O 11.Bf4 Ne5 12.Nxe5 dxe5 13.Bh2 Rad8 14.Nd2 Nh5 15.Rad1
Nf4 16.Nf3 f5 17.g3 Ng6 18.Qb3 c4 19.Qc2 fxe4 20.dxe4 Rxf3 21.Bg2 Rfd3 22.
Rxd3 Rxd3 23.Qa4 Bc5 24.Kf1 Rd2 25.Bg1 Bc6 26.Qxc4 Qd7 27.b4 Bb5 0-1

[Event "N4B3 Castres - Tournefeuille"]
[Site "?"]
[Date "2003.12.07"]
[Round "3.4"]
[White "Devos, Hervé"]
[Black "Bottu, Eric"]
[Result "1-0"]
[WhiteElo "1760"]
[BlackElo "1499"]
[EventDate "2003.??.??"]
[PlyCount "107"]

1.e4 c5 2.d4 cxd4 3.c3 dxc3 4.Nxc3 Nc6 5.Bc4 g6 6.Nf3 Bg7 7.O-O h6 8.Qe2 
d6 9.Rd1 Bd7 10.Bf4 Nf6 11.Qd2 Na5 12.Be2 Nh5 13.Be3 Rc8 14.Bd4 Nc6 15.
Bxg7 Nxg7 16.Nd4 Qb6 17.Nb3 Be6 18.Nd5 Qd8 19.Rac1 a6 20.h3 O-O 21.Qxh6 
Bxd5 22.exd5 Nb4 23.a3 Rxc1 24.Qxc1 Qb6 25.axb4 Qxb4 26.Qc3 Qe4 27.Bf3 Qf4
28.Rd4 Qf5 29.Rc4 Qb1+ 30.Qc1 Qf5 31.Na5 b5 32.Rc7 e5 33.Qc2 Qf4 34.Rc6 
Rd8 35.Rxa6 Nf5 36.Nc6 Rc8 37.Qe4 Qg5 38.g4 Nh4 39.Bg2 f5 40.Qe2 Kf8 41.
Kh2 Qf4+ 42.Kg1 Qc1+ 43.Bf1 e4 44.Ra3 b4 45.Re3 Re8 46.gxf5 Nf3+ 47.Rxf3 
exf3 48.Qxf3 g5 49.b3 Re1 50.Qg2 Qf4 51.Qg4 Qc1 52.Qg2 Ke8 53.Nxb4 Qf4 54.
Nd3 1-0

[Event "N4B3 Castres - Tournefeuille"]
[Site "?"]
[Date "2003.12.07"]
[Round "3.3"]
[White "Le Doare, William"]
[Black "Perin, Gilles"]
[Result "0-1"]
[WhiteElo "1790"]
[BlackElo "1790"]
[EventDate "2003.??.??"]
[PlyCount "39"]

1.e4 c5 2.c3 d5 3.e5 Qb6 4.d4 e6 5.Nf3 Nc6 6.Be2 Bd7 7.O-O f6 8.a4 c4 9.
Na3 a6 10.Nxc4 dxc4 11.Bxc4 fxe5 12.Ng5 Nf6 13.Nxe6 Bxe6 14.Bxe6 exd4 15.
Re1 Bc5 16.b4 Bd6 17.b5 axb5 18.axb5 Rxa1 19.bxc6 bxc6 20.Qf3 0-1

[Event "N4B3 Castres - Tournefeuille"]
[Site "?"]
[Date "2003.12.07"]
[Round "3.2"]
[White "Jacquart, Christian"]
[Black "Le Doare, Bernard"]
[Result "0-1"]
[WhiteElo "1860"]
[BlackElo "1820"]
[EventDate "2003.??.??"]
[PlyCount "52"]

1.d4 d5 2.c4 c6 3.cxd5 cxd5 4.Nc3 Nf6 5.Nf3 Nc6 6.Bf4 e6 7.e3 Be7 8.Bd3 
O-O 9.O-O h6 10.Rc1 a6 11.h3 Bd6 12.Bxd6 Qxd6 13.Na4 e5 14.dxe5 Nxe5 15.
Nxe5 Qxe5 16.Qd2 Bd7 17.Nc5 Bc6 18.Nxa6 Ne4 19.Bxe4 dxe4 20.Nb4 Qa5 21.a3 
Rfd8 22.Qc2 Bb5 23.Rfe1 Bd3 24.Nxd3 exd3 25.Qc3 d2 26.Qxa5 Rxa5 0-1

[Event "N4B3 Castres - Tournefeuille"]
[Site "?"]
[Date "2003.12.07"]
[Round "3.1"]
[White "Scandella, Thierry"]
[Black "Wehmeier, Manuel"]
[Result "1-0"]
[WhiteElo "2040"]
[BlackElo "1910"]
[EventDate "2003.??.??"]
[PlyCount "69"]

1.d4 d5 2.g3 Bf5 3.Bg2 e6 4.c4 c6 5.Nf3 Bxb1 6.Rxb1 Qa5+ 7.Bd2 Qxa2 8.c5 
b5 9.Ra1 Qxb2 10.e3 Nf6 11.O-O h6 12.Ne5 Ne4 13.Bxe4 dxe4 14.f3 Be7 15.
fxe4 O-O 16.Nd3 Qxa1 17.Qxa1 a5 18.Qd1 Nd7 19.e5 a4 20.Qg4 a3 21.Nb4 Nb8 
22.Qf3 f6 23.Nxc6 Nxc6 24.Qxc6 Kf7 25.exf6 gxf6 26.Ra1 Rfb8 27.d5 exd5 28.
Qxd5+ Kf8 29.e4 Kg7 30.Qd7 Kf7 31.e5 Rd8 32.e6+ Kg6 33.Qxe7 Rxd2 34.Qf7+ 
Kg5 35.Rf1 1-0

[Event "N4A3 Condom 2 - Muret"]
[Site "?"]
[Date "2003.12.07"]
[Round "3.7"]
[White "Beaurain, Louis"]
[Black "Fora, Jean-Paul"]
[Result "1-0"]
[WhiteElo "1920"]
[BlackElo "1630"]
[EventDate "2003.??.??"]
[PlyCount "129"]

1.d4 e6 2.Nf3 f5 3.g3 Nf6 4.Bg2 d5 5.O-O Bd6 6.b3 c6 7.Ba3 Qe7 8.Bxd6 Qxd6
9.Nbd2 O-O 10.c4 Ne4 11.c5 Qe7 12.e3 Nd7 13.Ne5 Nxe5 14.dxe5 Nxd2 15.Qxd2 
Qxc5 16.b4 Qe7 17.Rfc1 Bd7 18.Rc2 Rfc8 19.Rac1 Be8 20.Bf1 Qc7 21.f4 Qb6 
22.a4 Qd8 23.Be2 Bd7 24.Qd4 Qb6 25.Qc3 Qd8 26.g4 Qf8 27.Bf3 Qd8 28.Rg2 a5 
29.gxf5 axb4 30.Qd4 exf5 31.e6 Qe7 32.exd7 Qxd7 33.Qxb4 Re8 34.Rc3 Re7 35.
Rd2 Qe8 36.Qb3 Qf7 37.Rcd3 Rae8 38.Qc3 Qe6 39.Rxd5 Qxe3+ 40.Qxe3 Rxe3 41.
R5d3 R3e7 42.a5 Re1+ 43.Kf2 Ra1 44.Rd8 Kf8 45.Rxe8+ Kxe8 46.Re2+ Kd7 47.
Re5 g6 48.Kg3 Ra3 49.Kg2 Ra2+ 50.Be2 Ra4 51.Kg3 Ra3+ 52.Bf3 Kd6 53.h3 Kd7 
54.h4 Kd6 55.Re8 Rxa5 56.Rh8 b5 57.Rxh7 b4 58.Rh6 Ra3 59.Rxg6+ Kc5 60.
Rxc6+ Kd4 61.h5 b3 62.h6 Ra1 63.h7 Ke3 64.h8=Q Rg1+ 65.Bg2 1-0